Statistiques concernant Partir là-bas (Reprise II) - La Petite Sirène, 2023 (Paroles)

Cliquez ici pour prendre le quiz!

Statistiques générales

  • Ce quiz a été pris 10 fois
  • Le résultat moyen est 10 sur 42

Statistiques - réponses

Paroles% Correct
et
75%
mon
75%
à
50%
à
50%
certaine
50%
de
50%
de
50%
j'en
50%
Les
50%
Pour
50%
suis
50%
Tout
50%
bonheur
25%
ces
25%
cœur
25%
comprennent
25%
dans
25%
donné
25%
hommes
25%
près
25%
rester
25%
Sur
25%
toi
25%
Tous
25%
vivre
25%
avant
0%
cette
0%
côtés
0%
gens
0%
J'avais
0%
J'avais
0%
J'ouvrais
0%
l'espoir
0%
l'obscurité
0%
l'orage
0%
plage
0%
retomber
0%
sacrifier
0%
tant
0%
tes
0%
ton
0%
veilleront
0%

Distribution des résultats

Percentile par nombre de réponses

% des personnes avec chaque résultat

Votre développement - résultats

Vous n’avez pas pris ce quiz